| 000 | 00963nam a22003017a 4500 | ||
|---|---|---|---|
| 001 | 00260 | ||
| 003 | DO-SdBNP | ||
| 005 | 20240325094740.0 | ||
| 008 | 151202b2008 sp a 00| 0 spa d | ||
| 020 | _a8426131921 | ||
| 040 |
_aBPMSU _bspa _cBPMSU |
||
| 082 | 4 |
_a839.736 _bL745p 2008 _222 |
|
| 092 |
_axxxx _bxxxx |
||
| 100 | 1 |
_aLindgren, Astrid _d1907-2002 _q |
|
| 245 | 1 | 0 |
_aPippi calzaslargas / _cAstrid Lindgren ; traducción de Blanca Ríos ; ilustraciones, Richard Kennedy. |
| 260 |
_aBarcelona : _bEditorial Juventud, _c2008 |
||
| 300 |
_a136 p. : _bil. ; _c23 cm. |
||
| 490 | 0 | _aJuventud | |
| 534 |
_pTítulo original : _tPippi Langstrump. |
||
| 590 | _aInventariado, 2024/VM | ||
| 650 | 4 | _aCuentos infantiles suecos | |
| 650 | 4 |
_aAventuras _vCuentos infantiles |
|
| 650 | 4 |
_aFamilia _vCuentos infantiles |
|
| 700 | 1 |
_aRíos, Blanca, _etr. |
|
| 700 | 1 |
_aKennedy, Richard, _eil. |
|
| 910 | _aVMateo V. Control de calidad. BPMSU | ||
| 942 |
_2ddc _cBK |
||
| 999 |
_c8988 _d8988 |
||